[Event "CZE-chT2C 1617"]
[Site "Czech Republic"]
[Date "2017.04.02"]
[Round "11.8"]
[White "Vokolek, Jaroslav"]
[Black "Mazanek, David"]
[Result "1/2-1/2"]
[WhiteElo "1926"]
[BlackElo "1898"]
[PlyCount "105"]
[EventDate "2016.10.09"]
[EventType "team-tourn"]
[EventRounds "11"]
[EventCountry "CZE"]
[SourceTitle "EXT 2022"]
[Source "ChessBase"]
[SourceDate "2021.10.06"]
[SourceVersion "1"]
[SourceVersionDate "2021.10.06"]
[SourceQuality "1"]
[WhiteTeam "Kutna Hora"]
[BlackTeam "Lysa nad Labem III"]
[WhiteTeamCountry "CZE"]
[BlackTeamCountry "CZE"]

1. d4 e6 2. Nf3 f5 3. Bg5 Nf6 4. Nbd2 Be7 5. Bxf6 Bxf6 6. e4 fxe4 7. Nxe4 0-0 8. Bd3 Nc6 9. c3 b6 10. Qc2 h6 11. h4 d5 12. Nxf6+ Qxf6 13. Bb5 Nd8 14. 0-0 c6 15. Bd3 c5 16. Ne5 g5 17. Bh7+ Kg7 18. Ng4 Qf7 19. hxg5 hxg5 20. Ne5 Qh5 21. Qg6+ Qxg6 22. Bxg6 Rf6 23. Bh5 Rb8 24. g3 Rh6 25. Be2 Nf7 26. Ng4 Rh8 27. Kg2 e5 28. Nxe5 Nxe5 29. dxe5 Bh3+ 30. Kg1 Bxf1 31. Rxf1 Rbe8 32. f4 Rh3 33. Kg2 Reh8 34. f5 d4 35. f6+ Kf8 36. Bc4 g4 37. Rf4 Rh2+ 38. Kf1 Rxb2 39. Kg1 Rb1+ 40. Kg2 Rb2+ 41. Kg1 dxc3 42. Rf1 Rhh2 43. Rd1 Rbg2+ 44. Kf1 Rh1+ 45. Kxg2 Rxd1 46. e6 Re1 47. e7+ Ke8 48. Bd3 c2 49. Bg6+ Kd7 50. Bf5+ Ke8 51. Bg6+ Kd7 52. Bf5+ Ke8 53. Bg6+ 1/2-1/2

[Event "Czechia KP-chTA 0607"]
[Site "Czech Republic"]
[Date "2007.01.21"]
[Round "6.8"]
[White "Mazanek, David"]
[Black "Hanibal, Kamil"]
[Result "1-0"]
[WhiteElo "1883"]
[BlackElo "1837"]
[PlyCount "59"]
[EventDate "2006.10.29"]
[EventType "team"]
[EventRounds "11"]
[EventCountry "CZE"]
[SourceTitle "EXT 2008"]
[Source "ChessBase"]
[SourceDate "2007.11.25"]
[SourceVersion "1"]
[SourceVersionDate "2007.11.25"]
[SourceQuality "1"]
[WhiteTeam "Lysa nad Labem II"]
[BlackTeam "Emerge MB B"]
[WhiteTeamCountry "CZE"]
[BlackTeamCountry "CZE"]

1. e4 d5 2. exd5 Nf6 3. d4 Nxd5 4. c4 Nf6 5. Nc3 g6 6. Nf3 Bg4 7. Be2 Bg7 8. Be3 c6 9. 0-0 0-0 10. Rc1 Nbd7 11. h3 Bxf3 12. Bxf3 Nb6 13. Qb3 Qd7 14. Rfd1 Nc8 15. d5 cxd5 16. Nxd5 Nxd5 17. Rxd5 Qc7 18. c5 e6 19. Rd2 Ne7 20. Qxb7 Qxb7 21. Bxb7 Rab8 22. c6 Nc8 23. a4 Be5 24. a5 a6 25. Rcd1 Bc7 26. b4 Ne7 27. Bc5 Rfe8 28. Bxe7 Rxe7 29. Rd7 Kf8 30. Rxe7 1-0

[Event "CZE-chT3A Middle 0506  "]
[Site "Czech Republic"]
[Date "2006.02.19"]
[Round "8.8"]
[White "Mazanek, David"]
[Black "Zvara, Tomas"]
[Result "1-0"]
[WhiteElo "1845"]
[BlackElo "1656"]
[PlyCount "58"]
[EventDate "2005.10.30"]
[EventType "team"]
[EventRounds "11"]
[EventCountry "CZE"]
[SourceTitle "EXT 2009"]
[Source "ChessBase"]
[SourceDate "2008.11.26"]
[SourceVersion "1"]
[SourceVersionDate "2008.11.26"]
[SourceQuality "1"]

1. e4 e5 2. Nc3 Nf6 3. Bc4 d6 4. d3 Be7 5. f4 Nc6 6. Nf3 0-0 7. 0-0 Bg4 8. h3 Bxf3 9. Qxf3 Nd4 10. Qd1 a6 11. Ne2 Nxe2+ 12. Qxe2 c6 13. Be3 Qc7 14. Bb3 b5 15. fxe5 dxe5 16. Rf5 Rad8 17. Raf1 Qd6 18. Qf2 Rd7 19. Qg3 Ne8 20. Rxf7 Kh8 21. Rxf8+ Bxf8 22. Qxe5 Nf6 23. Qg5 h6 24. Qf5 Qe7 25. Kh1 Rb7 26. Bxh6 gxh6 27. Qxf6+ Qxf6 28. Rxf6 Bg7 29. Rxc6 Bxb2 1-0

[Event "CZE-chT3A Middle 0506  "]
[Site "Czech Republic"]
[Date "2006.02.05"]
[Round "7.8"]
[White "Stufka, Karel"]
[Black "Mazanek, David"]
[Result "0-1"]
[WhiteElo "1793"]
[BlackElo "1845"]
[PlyCount "104"]
[EventDate "2005.10.30"]
[EventType "team"]
[EventRounds "11"]
[EventCountry "CZE"]
[SourceTitle "EXT 2009"]
[Source "ChessBase"]
[SourceDate "2008.11.26"]
[SourceVersion "1"]
[SourceVersionDate "2008.11.26"]
[SourceQuality "1"]

1. e4 d5 2. exd5 Nf6 3. d4 Nxd5 4. Nf3 Bg4 5. Be2 e6 6. 0-0 c5 7. c3 Bf5 8. Re1 Be7 9. Bd3 Bxd3 10. Qxd3 0-0 11. Nbd2 Nc6 12. Ne4 cxd4 13. Nxd4 Ndb4 14. cxb4 Qxd4 15. Qxd4 Nxd4 16. Rd1 Nc2 17. Rb1 Nxb4 18. a3 Nd5 19. Bd2 Rac8 20. Rbc1 h6 21. g3 Rfd8 22. Ba5 b6 23. Be1 Bf6 24. Nxf6+ Nxf6 25. Rxd8+ Rxd8 26. Rc7 Rd7 27. Rc8+ Kh7 28. Kf1 Nd5 29. Rc2 Kg6 30. Ke2 f5 31. Kf3 Rc7 32. Re2 Kf6 33. h3 g5 34. Rd2 Rc4 35. Kg2 Rc1 36. Kf1 f4 37. Rd3 Kf5 38. Ke2 Rc2+ 39. Rd2 Rxd2+ 40. Bxd2 e5 41. Kd3 h5 42. Kc4 Nc7 43. Kd3 b5 44. b4 Ne6 45. g4+ hxg4 46. hxg4+ Kxg4 47. Ke4 Nd4 48. Bc3 Nf3 49. Kd5 Kf5 50. Kc5 g4 51. Kxb5 g3 52. fxg3 fxg3 0-1